All countries by life expectancy at birth with a map - Statistics

General Stats
  • This quiz has been taken 90 times
  • The average score is 38 of 187
Answers on the Map
Answers color-coded by a green-red scale on the quiz's map according to % correct below.
 
Answer Stats
Answer Life expectancy % Correct
Japan 84.71
100%
South Korea 84.33
67%
Canada 82.63
52%
Iceland 82.69
52%
Italy 83.72
52%
Norway 83.31
52%
Singapore 83.74
52%
Australia 83.92
48%
France 83.33
48%
Ireland 82.41
48%
Israel 82.41
48%
Spain 83.67
48%
Sweden 83.26
48%
Switzerland 83.95
48%
United Kingdom 81.30
48%
Andorra 84.04
44%
Austria 81.96
44%
Belgium 82.11
44%
Czech Republic 79.83
44%
Denmark 81.93
44%
Finland 81.91
44%
Germany 81.38
44%
Malta 83.30
44%
Netherlands 82.16
44%
New Zealand 82.09
44%
Portugal 82.36
44%
Slovenia 81.60
44%
Chile 81.17
41%
Greece 81.86
41%
Luxembourg 82.23
41%
Taiwan 80.56
41%
United Arab Emirates 82.91
41%
United States 79.30
41%
Bahrain 81.28
37%
Cyprus 81.65
37%
Kuwait 80.41
37%
Qatar 82.37
37%
Slovakia 78.34
37%
Albania 79.60
33%
Costa Rica 80.80
33%
Oman 80.02
33%
Panama 79.59
33%
Poland 78.63
33%
Uruguay 78.14
33%
Argentina 77.39
30%
Croatia 78.58
30%
Estonia 79.15
30%
Bosnia and Herzegovina 77.85
26%
China 77.95
26%
Cuba 78.08
26%
Kosovo 78.03
26%
Latvia 76.19
26%
Maldives 81.04
26%
Saudi Arabia 78.73
26%
Central African Republic 57.41
22%
Chad 55.07
22%
Hungary 77.02
22%
North Macedonia 77.39
22%
Peru 77.74
22%
Brazil 75.85
19%
Bulgaria 75.64
19%
Burundi 63.65
19%
Colombia 77.72
19%
Democratic Republic of the Congo 61.90
19%
Jordan 77.81
19%
Lebanon 77.82
19%
Lithuania 76.03
19%
Malaysia 76.66
19%
Moldova 71.20
19%
Montenegro 77.09
19%
Niger 61.18
19%
Romania 75.94
19%
Serbia 76.77
19%
South Sudan 57.62
19%
Sudan 66.33
19%
Algeria 76.26
15%
Angola 64.62
15%
Antigua and Barbuda 77.60
15%
Belarus 74.43
15%
Benin 60.77
15%
Botswana 69.16
15%
Burkina Faso 61.09
15%
Dominican Republic 73.72
15%
Ecuador 77.39
15%
India 72.00
15%
Iran 77.65
15%
Lesotho 57.38
15%
Malawi 67.35
15%
Mali 60.44
15%
Mexico 75.07
15%
Mozambique 63.61
15%
Nigeria 54.46
15%
Paraguay 73.84
15%
Republic of the Congo 65.77
15%
Russia 73.15
15%
Rwanda 67.78
15%
Sierra Leone 61.79
15%
Turkey 77.17
15%
Ukraine 73.42
15%
Venezuela 72.51
15%
Zambia 66.35
15%
Afghanistan 66.03
11%
Armenia 75.68
11%
Azerbaijan 74.43
11%
Bahamas 74.55
11%
Bolivia 68.58
11%
Brunei 75.33
11%
Cameroon 63.70
11%
Comoros 66.78
11%
Côte d'Ivoire 61.94
11%
Egypt 71.63
11%
Equatorial Guinea 63.71
11%
Eritrea 68.62
11%
Eswatini 64.12
11%
Ethiopia 67.31
11%
Gabon 68.34
11%
Gambia 65.86
11%
Georgia 74.50
11%
Ghana 65.50
11%
Guatemala 72.60
11%
Guinea 60.74
11%
Guinea-Bissau 64.08
11%
Haiti 64.94
11%
Honduras 72.88
11%
Jamaica 71.48
11%
Kenya 63.65
11%
Liberia 62.16
11%
Libya 69.34
11%
Madagascar 63.63
11%
Mauritania 68.48
11%
Mongolia 71.73
11%
Morocco 75.31
11%
Namibia 67.39
11%
Nepal 70.35
11%
Nicaragua 74.95
11%
Pakistan 67.75
11%
Papua New Guinea 66.13
11%
São Tomé and Príncipe 69.72
11%
Senegal 68.68
11%
Solomon Islands 70.53
11%
Somalia 58.82
11%
South Africa 66.14
11%
Sri Lanka 77.48
11%
Syria 72.12
11%
Tanzania 67.00
11%
Togo 62.74
11%
Tunisia 76.51
11%
Uganda 68.25
11%
Zimbabwe 62.77
11%
Bangladesh 74.67
7%
Barbados 76.18
7%
Belize 73.57
7%
Bhutan 72.97
7%
Cambodia 70.67
7%
Djibouti 65.99
7%
Dominica 71.13
7%
El Salvador 72.10
7%
Fiji 67.32
7%
Grenada 75.20
7%
Guyana 70.18
7%
Indonesia 71.15
7%
Iraq 72.32
7%
Kazakhstan 74.40
7%
Kiribati 66.47
7%
Kyrgyzstan 71.68
7%
Laos 68.96
7%
Mauritius 74.93
7%
Micronesia 67.20
7%
Philippines 69.83
7%
Saint Lucia 72.70
7%
Saint Vincent and the Grenadines 71.23
7%
Suriname 73.63
7%
Tajikistan 71.79
7%
Thailand 76.41
7%
Trinidad and Tobago 73.49
7%
Turkmenistan 70.07
7%
Uzbekistan 72.39
7%
Vanuatu 71.48
7%
Vietnam 74.59
7%
Yemen 69.30
7%
Cabo Verde 76.06
4%
Myanmar 66.89
4%
North Korea 73.64
4%
Samoa 71.70
4%
Seychelles 72.86
4%
Timor-Leste 67.79
4%
Tonga 72.89
4%
No matching quizzes found
Score Distribution
Percent of People with Each Score
Percentile by Number Answered
Your Score History
You have not taken this quiz